[Event "CZE-ch U14 Girls"]
[Site "Luhacovice"]
[Date "2022.03.18"]
[Round "8"]
[White "Reznickova, Sibyla"]
[Black "Myskova, Veronika"]
[Result "1/2-1/2"]
[WhiteElo "1304"]
[BlackElo "1117"]
[PlyCount "69"]
[EventDate "2022.03.12"]
[EventType "swiss"]
[EventRounds "9"]
[EventCountry "CZE"]
[SourceTitle "EXT 2023"]
[Source "ChessBase"]
[SourceDate "2022.10.05"]
[SourceVersion "1"]
[SourceVersionDate "2022.10.05"]
[SourceQuality "1"]

1. d4 d5 2. c4 c6 3. Nc3 Nf6 4. Bf4 Bf5 5. Nf3 e6 6. a3 Be7 7. e3 0-0 8. Bd3 Ne4 9. Qc2 Nxc3 10. Bxf5 exf5 11. Qxc3 Bd6 12. 0-0-0 Bxf4 13. exf4 Nd7 14. Rhg1 Nf6 15. h3 a5 16. Qc2 Qd7 17. Ne5 Qc8 18. g4 fxg4 19. Nxg4 Nxg4 20. Rxg4 f5 21. Rg5 Qe6 22. Rdg1 Rf7 23. c5 Qe4 24. Qd2 Re8 25. h4 Qe2 26. h5 Qxd2+ 27. Kxd2 Re6 28. Re1 Rxe1 29. Kxe1 h6 30. Rg3 Re7+ 31. Re3 Rxe3+ 32. fxe3 Kf7 33. Kf2 Kf6 34. Kf3 g5 35. Kg3 1/2-1/2

[Event "CZE-ch U12 Girls"]
[Site "Kouty nad Desnou"]
[Date "2020.03.11"]
[Round "6"]
[White "Myskova, Veronika"]
[Black "Zilava, Lucie"]
[Result "0-1"]
[WhiteElo "1042"]
[BlackElo "1100"]
[PlyCount "44"]
[EventDate "2020.03.07"]
[EventType "swiss"]
[EventRounds "7"]
[EventCountry "CZE"]
[SourceTitle "CBM 195 Extra"]
[Source "ChessBase"]
[SourceDate "2020.05.31"]
[SourceVersion "1"]
[SourceVersionDate "2020.05.31"]
[SourceQuality "1"]

1. e4 e5 2. Nf3 Nc6 3. Bc4 Nd4 4. Nxe5 Qg5 5. Bxf7+ Kd8 6. Bxg8 Qxg2 7. d3 Qxh1+ 8. Kd2 Qxd1+ 9. Kxd1 Rxg8 10. Nf7+ Ke8 11. Ng5 d6 12. Nc3 Bg4+ 13. Kd2 Be7 14. f4 Rf8 15. Ke3 Nxc2+ 16. Kd2 Nxa1 17. Nd5 Rc8 18. Nxe7 Kxe7 19. Nxh7 Rh8 20. Ng5 Rxh2+ 21. Kc3 Rc2+ 22. Kd4 Rxc1 0-1

[Event "CZE-ch U10 Girls"]
[Site "Kouty nad Desnou"]
[Date "2017.03.17"]
[Round "8"]
[White "Myskova, Veronika"]
[Black "Ticha, Valerie"]
[Result "1-0"]
[WhiteElo "1000"]
[BlackElo "1000"]
[PlyCount "33"]
[EventDate "2017.03.11"]
[EventType "swiss"]
[EventRounds "9"]
[EventCountry "CZE"]
[SourceTitle "CBM 177 Extra"]
[Source "ChessBase"]
[SourceDate "2017.04.27"]
[SourceVersion "1"]
[SourceVersionDate "2017.04.27"]
[SourceQuality "1"]

1. e4 e5 2. Nf3 Nc6 3. Bc4 Bc5 4. Ng5 d5 5. exd5 Nce7 6. d3 Nxd5 7. Qf3 Ngf6 8. Nc3 Ne7 9. Nxf7 Qd7 10. Nxh8 Qd8 11. Qg3 Nf5 12. Qxe5+ Ne7 13. Qxc5 b6 14. Qb5+ c6 15. Qe5 Nd7 16. Qxg7 Nf5 17. Qf7# 1-0

[Event "CZE-ch U10 Girls"]
[Site "Kouty nad Desnou"]
[Date "2017.03.13"]
[Round "4"]
[White "Hosova, Stella"]
[Black "Myskova, Veronika"]
[Result "1-0"]
[WhiteElo "1000"]
[BlackElo "1000"]
[PlyCount "41"]
[EventDate "2017.03.11"]
[EventType "swiss"]
[EventRounds "9"]
[EventCountry "CZE"]
[SourceTitle "CBM 177 Extra"]
[Source "ChessBase"]
[SourceDate "2017.04.27"]
[SourceVersion "1"]
[SourceVersionDate "2017.04.27"]
[SourceQuality "1"]

1. e4 e5 2. Nc3 Nf6 3. Nf3 Nc6 4. Bc4 Nxe4 5. Nxe4 d5 6. Bb3 dxe4 7. Ng5 Be6 8. Bxe6 Qf6 9. Bxf7+ Ke7 10. d3 Rd8 11. Ne6 Rd6 12. Bg5 Qxg5 13. Nxg5 Kd7 14. Qg4+ Kd8 15. Be6 Nb4 16. Nf7+ Ke8 17. Nxd6+ cxd6 18. Bd7+ Kd8 19. Bc8 Nxc2+ 20. Kf1 Nxa1 21. Qd7# 1-0

[Event "CZE-ch U10 Girls"]
[Site "Kouty nad Desnou"]
[Date "2017.03.12"]
[Round "2"]
[White "Buchtova, Viktorie"]
[Black "Myskova, Veronika"]
[Result "0-1"]
[WhiteElo "1000"]
[BlackElo "1000"]
[PlyCount "86"]
[EventDate "2017.03.11"]
[EventType "swiss"]
[EventRounds "9"]
[EventCountry "CZE"]
[SourceTitle "CBM 177 Extra"]
[Source "ChessBase"]
[SourceDate "2017.04.27"]
[SourceVersion "1"]
[SourceVersionDate "2017.04.27"]
[SourceQuality "1"]

1. e4 e5 2. Nf3 Nc6 3. Nc3 Bc5 4. Bb5 Nf6 5. 0-0 d6 6. d3 h6 7. Re1 Bg4 8. Be3 Bb4 9. d4 Qe7 10. d5 Bxf3 11. gxf3 Qd7 12. dxc6 bxc6 13. Bc4 Qh3 14. a3 Bxc3 15. Re2 Bxb2 16. Rb1 Rb8 17. Bxa7 Rb7 18. Be3 0-0 19. Ba6 Rbb8 20. Ba7 Ra8 21. Rxb2 Rxa7 22. Qd3 Nh5 23. Re3 Nf4 24. Qf1 Qh4 25. Rb7 Raa8 26. Rxc7 Rae8 27. Rxc6 Re6 28. Rec3 Rg6+ 29. Kh1 Qg5 30. Rc8 Ne2 31. Rxf8+ Kxf8 32. Rc8+ Ke7 33. Rc7+ Kf6 34. Bxe2 Qf4 35. a4 Rg5 36. a5 Rh5 37. Qg2 Qd2 38. a6 Qa5 39. a7 Rg5 40. Qf1 Qa4 41. Bb5 Qa3 42. Bc6 Qxf3+ 43. Qg2 Qxg2# 0-1

[Event "CZE-ch U10 Girls"]
[Site "Kouty nad Desnou"]
[Date "2017.03.11"]
[Round "1"]
[White "Myskova, Veronika"]
[Black "Stribna, Julie"]
[Result "0-1"]
[WhiteElo "1000"]
[BlackElo "1100"]
[PlyCount "76"]
[EventDate "2017.03.11"]
[EventType "swiss"]
[EventRounds "9"]
[EventCountry "CZE"]
[SourceTitle "CBM 177 Extra"]
[Source "ChessBase"]
[SourceDate "2017.04.27"]
[SourceVersion "1"]
[SourceVersionDate "2017.04.27"]
[SourceQuality "1"]

1. e4 e5 2. Nf3 Nc6 3. Bc4 Nf6 4. Nc3 Bc5 5. 0-0 0-0 6. d3 h6 7. b3 Nd4 8. Bb2 d6 9. h3 Be6 10. Bxe6 fxe6 11. Nb5 Nxb5 12. c4 Na3 13. Qc1 Qd7 14. Bxa3 Bxa3 15. Qxa3 Nh5 16. Nh4 Rf7 17. Qc1 Qe7 18. g3 Raf8 19. Qd2 Nf6 20. Ng6 Qe8 21. Rae1 Qd7 22. Nxf8 Kxf8 23. Re3 Ne8 24. Qe2 Kg8 25. Qh5 Kh7 26. Kg2 Qe7 27. Qg4 Qg5 28. Qxe6 Qe7 29. Qd5 Nf6 30. Qxb7 Nh5 31. Qb4 Qg5 32. Qd2 Nxg3 33. Rxg3 Qxd2 34. b4 Qxb4 35. Rd1 Qb2 36. Re1 Qxf2+ 37. Kh1 Qxg3 38. Rg1 Qxh3# 0-1